Movies Quiz

Random Movies or Box Office Quiz

Box Office Top 20 (1990s) Quiz Stats

 Plays Quiz Updated May 7, 2019

Support Sporcle.
Go Orange.
Score 0/20 Timer 08:00
1 Play Today
Year Movie Title % Correct
1997Titanic
94.1%
1994Forrest Gump
49.6%
1993Jurassic Park
44%
1994The Lion King
42.3%
1996Independence Day
38.6%
1999Star Wars: Episode I - The Phantom Menace
35%
1998Saving Private Ryan
31%
1997Men in Black
30%
1991Terminator 2: Judgment Day
27.9%
1992Aladdin
27.8%
Year Movie Title % Correct
1999The Matrix
27.2%
1997The Lost World: Jurassic Park
26%
1999Toy Story 2
25.7%
1996Mission: Impossible
20.6%
1998Armageddon
19.3%
1990Home Alone
18.7%
1990Pretty Woman
15.9%
1999The Sixth Sense
15.6%
1990Ghost
15.4%
1996Twister
9.3%

From the Vault

World Capitals by River

by gnatural

Geography 10m
This quiz makes me want to go rafting!
Remove Ads.
Support Sporcle.
Get the best of Sporcle when you Go Orange. This ad-free experience offers more features, more stats, and more fun while also helping to support Sporcle. Thank you for becoming a member.

Show Comments

Extras

Top Quizzes Today


Score Distribution

Your Account Isn't Verified!

In order to create a playlist on Sporcle, you need to verify the email address you used during registration. Go to your Sporcle Settings to finish the process.

Report this User

Report this user for behavior that violates our Community Guidelines.

Details: